000 00774cam a2200253 4500
001 J3837
008 090401t1995 xxu||||| |||| 00| 0 eng d
035 _a(Sirsi) u57087
041 _aeng
050 _a333.337
100 _aNowlan, William K.
245 _aRevolution in real estate. (Annual Estate Management Lecture 1995)
260 _bSouth Bank University
_c1995
300 _a19p. ; 30cm.
350 _a0
520 _aFourth annual Nelson Bakewell Lecture given at the South Bank University, 13 September 1995.
650 _aPROPERTY-COMMERCIAL PROPERTY
650 _aNELSON BAKEWELL LECTURE
650 _aREVOLUTION IN REAL ESTATE
650 _aSOUTH BANK UNIVERSITY
690 _aPROPERTY-COMMERCIAL PROPERTY
942 _n0
948 _c04/03/1997
999 _c93882
_d93882